[Event "12.PSF-A"]
[Site "Prague"]
[Date "2016.06.19"]
[Round "1.1"]
[White "Giacometto, Mario"]
[Black "Kulhanek, Tomas"]
[Result "0-1"]
[WhiteElo "1906"]
[BlackElo "2367"]
[PlyCount "108"]
[EventDate "2016.06.25"]
[EventType "swiss"]
[EventRounds "9"]
[EventCountry "CZE"]
[WhiteClock "0:01:33"]
[BlackClock "0:03:44"]

1. e4 d6 2. Nc3 Nf6 3. Bc4 g6 4. d3 Bg7 5. Nge2 O-O 6. O-O c6 7. a3 d5 8. exd5
cxd5 9. Ba2 Nc6 10. d4 b6 11. h3 Ba6 12. Be3 e6 13. Re1 Rc8 14. Nf4 Ne8 15.
Nce2 Nd6 16. c3 Na5 17. Nd3 Bc4 18. Bf4 Re8 19. Bxd6 Qxd6 20. f4 Bxa2 21. Rxa2
f6 22. Ra1 Nc4 23. Rb1 Bh6 24. Kh1 Re7 25. Qc1 Rce8 26. Rf1 Qc7 27. Qe1 Bg7 28.
Ng1 b5 29. Qf2 Nd6 30. Qf3 Ne4 31. Rbd1 a5 32. Nf2 Nxf2+ 33. Rxf2 Qc4 34. g4 b4
35. axb4 axb4 36. f5 exf5 37. gxf5 Re3 38. Qg2 g5 39. cxb4 Bf8 40. Rc2 Qb3 41.
Rdc1 Bxb4 42. Rc8 Bf8 43. Rxe8 Rxe8 44. Rc7 Re4 45. Rc6 Be7 46. Re6 Rxe6 47.
fxe6 Kg7 48. h4 h6 49. hxg5 hxg5 50. Qg4 Qd3 51. Qh3 Qxh3+ 52. Nxh3 f5 53. b4
Kf6 54. b5 Kxe6 0-1

[Event "12.PSF-A"]
[Site "Prague"]
[Date "2016.06.19"]
[Round "1.2"]
[White "Vichnar, David"]
[Black "Plchot, Miroslav"]
[Result "1-0"]
[WhiteElo "2346"]
[BlackElo "1884"]
[PlyCount "51"]
[EventDate "2016.06.25"]
[EventType "swiss"]
[EventRounds "9"]
[EventCountry "CZE"]
[WhiteClock "0:31:45"]
[BlackClock "0:26:40"]

1. d4 Nf6 2. c4 e5 3. dxe5 Ng4 4. Nf3 Bc5 5. e3 Nc6 6. Be2 O-O 7. O-O Re8 8. a3
a5 9. Nc3 Ngxe5 10. Nxe5 Nxe5 11. Rb1 Bf8 12. e4 b6 13. b4 axb4 14. axb4 Bb7
15. Be3 Ra3 16. Qc1 Rxc3 17. Qxc3 Bxe4 18. Rbd1 Qf6 19. Bd4 Qg6 20. f3 Bf5 21.
Bxe5 f6 22. Bxc7 Rxe2 23. Rf2 Re6 24. c5 bxc5 25. b5 Kh8 26. b6 1-0

[Event "12.PSF-A"]
[Site "Prague"]
[Date "2016.06.19"]
[Round "1.3"]
[White "Brcak, Marek"]
[Black "Kiss, Pal"]
[Result "1/2-1/2"]
[WhiteElo "1866"]
[BlackElo "2290"]
[PlyCount "106"]
[EventDate "2016.06.25"]
[EventType "swiss"]
[EventRounds "9"]
[EventCountry "CZE"]
[WhiteClock "0:12:42"]
[BlackClock "0:02:56"]

1. e4 c5 2. Nf3 Nc6 3. d4 cxd4 4. Nxd4 g6 5. Nc3 Bg7 6. Be3 Nf6 7. Be2 O-O 8.
O-O d5 9. exd5 Nb4 10. Qd2 Nbxd5 11. Nxd5 Nxd5 12. Bh6 e5 13. Bxg7 Kxg7 14. Nb3
Nf4 15. Bf3 Qg5 16. Kh1 f5 17. g3 Nh3 18. Qb4 Qf6 19. Rad1 e4 20. Bg2 Ng5 21.
Nc5 Rf7 22. h4 Ne6 23. Rd6 Qe5 24. Nxe6+ Bxe6 25. Rfd1 Rc8 26. c3 b6 27. a4 Rc4
28. Qb5 Rc5 29. Qe8 Bb3 30. Qxe5+ Rxe5 31. R1d4 Ra5 32. Rb4 Bxa4 33. Bf1 Re7
34. Kg2 Be8 35. Rbd4 Ra1 36. Bc4 Rc1 37. Rd2 Rc7 38. Bb3 Rb1 39. Ba2 Ra1 40.
Bb3 Bb5 41. R6d4 Re1 42. Rd6 Be2 43. g4 Bf3+ 44. Kg3 Rg1+ 45. Kf4 Rxg4+ 46. Ke5
Kh6 47. Rd7 Rxd7 48. Rxd7 g5 49. Rd6+ Kg7 50. Rd7+ Kh6 51. Rd6+ Kg7 52. Rd7+
Kf8 53. Kf6 Ke8 1/2-1/2

[Event "12.PSF-A"]
[Site "Prague"]
[Date "2016.06.19"]
[Round "1.4"]
[White "Matras, Ondrej"]
[Black "Vardan, Nagpal"]
[Result "0-1"]
[WhiteElo "2257"]
[BlackElo "1864"]
[PlyCount "132"]
[EventDate "2016.06.25"]
[EventType "swiss"]
[EventRounds "9"]
[EventCountry "CZE"]
[WhiteClock "0:07:53"]
[BlackClock "0:48:44"]

1. d4 d5 2. c4 c6 3. Nc3 dxc4 4. a4 e5 5. e3 exd4 6. exd4 Be6 7. Nf3 Nf6 8. Ne5
Nbd7 9. Nxc4 Bb4 10. Be2 Nb6 11. Nxb6 Qxb6 12. O-O O-O 13. Be3 Nd5 14. Nxd5
Bxd5 15. Bd3 Rfe8 16. Qc2 g6 17. h4 a5 18. h5 Bf8 19. hxg6 hxg6 20. Bc4 Rad8
21. b3 Bg7 22. Rad1 Bxc4 23. Qxc4 Rd5 24. Rd3 Red8 25. Rfd1 Qc7 26. Qc1 Bf6 27.
Bf4 Qd7 28. Be3 Qe7 29. R3d2 R8d7 30. Qc2 Qd8 31. Qc1 Bxd4 32. Bxd4 Rxd4 33.
Rxd4 Rxd4 34. Re1 Rd2 35. Re8+ Qxe8 36. Qxd2 Qe5 37. Qd7 Qe1+ 38. Kh2 Qb4 39.
Qe8+ Kg7 40. Qe5+ Kf8 41. Qb8+ Ke7 42. Qc7+ Ke6 43. Qc8+ Kf6 44. Qd8+ Kg7 45.
Qd1 b5 46. g4 bxa4 47. bxa4 Qc3 48. f4 c5 49. Qd8 c4 50. f5 Qe5+ 51. Kh3 c3 52.
fxg6 Kxg6 53. Qg8+ Kf6 54. Qh8+ Ke6 55. Qe8+ Kd6 56. Qxf7 Qe3+ 57. Kg2 Qe4+ 58.
Kf2 c2 59. Qf8+ Kd5 60. Qa8+ Kd4 61. Qa7+ Kd3 62. Qa6+ Qc4 63. Qxa5 Qf4+ 64.
Kg2 Qxg4+ 65. Kf2 Qf4+ 66. Kg2 Qd2+ 0-1

[Event "12.PSF-A"]
[Site "Prague"]
[Date "2016.06.19"]
[Round "1.5"]
[White "Bartos, Miroslav"]
[Black "Postupa, Pavel"]
[Result "0-1"]
[WhiteElo "1862"]
[BlackElo "2241"]
[PlyCount "58"]
[EventDate "2016.06.25"]
[EventType "swiss"]
[EventRounds "9"]
[EventCountry "CZE"]

1. c4 e5 2. g3 Nf6 3. Bg2 d5 4. cxd5 Nxd5 5. Nc3 Nb6 6. Nf3 Nc6 7. O-O Be7 8.
d3 O-O 9. b3 Be6 10. Bb2 f6 11. Rc1 Rf7 12. Ne4 Bf8 13. Nc5 Bxc5 14. Rxc5 Rd7
15. Qa1 a5 16. Nd2 Bd5 17. Bh3 Rd6 18. Ne4 Bxe4 19. dxe4 a4 20. Qc1 axb3 21.
axb3 Ra2 22. Bc3 Rxe2 23. Bg4 Ra2 24. Qb1 Ra8 25. f4 Qe7 26. fxe5 Rd1 27. exf6
Qxc5+ 28. Kg2 Rxb1 29. Be6+ Kf8 0-1

[Event "12.PSF-A"]
[Site "Prague"]
[Date "2015.06.19"]
[Round "1.6"]
[White "Gregor, Jiri"]
[Black "Hacaperka, Michal"]
[Result "1-0"]
[WhiteElo "2234"]
[BlackElo "1861"]
[PlyCount "81"]
[EventDate "2016.06.25"]
[EventType "swiss"]
[EventRounds "9"]
[EventCountry "CZE"]

1. d4 Nf6 2. c4 g6 3. Nf3 Bg7 4. Nc3 O-O 5. e4 d6 6. Be2 e5 7. O-O Nc6 8. d5
Ne7 9. Ne1 Nd7 10. Nd3 f5 11. exf5 gxf5 12. f4 e4 13. Nf2 Kh8 14. Be3 Nf6 15.
Qd2 Bd7 16. Rad1 Neg8 17. h3 h5 18. g3 Nh6 19. Kh2 Rg8 20. Rg1 Be8 21. Nb5 Bxb5
22. cxb5 Kh7 23. a4 Bh8 24. a5 b6 25. b4 Qe7 26. Rg2 Rg6 27. Rdg1 Rag8 28. Qd1
h4 29. g4 Qf7 30. Bc4 Qg7 31. g5 Nd7 32. Bf1 Ne5 33. Be2 Nf3+ 34. Bxf3 exf3 35.
Qxf3 Ng4+ 36. hxg4 fxg4 37. Rxg4 Re8 38. Rxh4+ Kg8 39. Ng4 Qb2+ 40. Rg2 Qc3 41.
Rh3 1-0

[Event "12.PSF-A"]
[Site "Prague"]
[Date "2016.06.19"]
[Round "1.7"]
[White "Ayriyan, Bella"]
[Black "Haba, Zdenek"]
[Result "0-1"]
[WhiteElo "1858"]
[BlackElo "2233"]
[PlyCount "60"]
[EventDate "2016.06.25"]
[EventType "swiss"]
[EventRounds "9"]
[EventCountry "CZE"]

1. e4 c5 2. Nf3 e6 3. d4 cxd4 4. Nxd4 a6 5. Nc3 b5 6. a3 Bb7 7. Be2 Qc7 8. O-O
Nf6 9. Qd3 Be7 10. Be3 d6 11. f4 Nbd7 12. Nb3 O-O 13. Bf3 Rfd8 14. Qe2 Rac8 15.
Rfd1 Nb6 16. Na5 Ba8 17. Qf2 Nfd7 18. f5 Na4 19. Nxa4 bxa4 20. fxe6 fxe6 21.
Bg4 Qxa5 22. Bxe6+ Kh8 23. Qf7 Bg5 24. Bxg5 Qxg5 25. Bxd7 Bxe4 26. Bh3 Rxc2 27.
Qf1 Qe3+ 28. Kh1 Qxh3 29. Rxd6 Bxg2+ 30. Kg1 Qe3+ 0-1

[Event "12.PSF-A"]
[Site "Prague"]
[Date "2016.06.19"]
[Round "1.8"]
[White "Istona, Martin"]
[Black "Docekalova, Alexandra"]
[Result "1/2-1/2"]
[WhiteElo "2173"]
[BlackElo "1855"]
[PlyCount "88"]
[EventDate "2016.06.25"]
[EventType "swiss"]
[EventRounds "9"]
[EventCountry "CZE"]

1. e4 e6 2. d4 d5 3. Nc3 dxe4 4. Nxe4 Nd7 5. Nf3 Ngf6 6. Nxf6+ Nxf6 7. c3 Be7
8. Bd3 O-O 9. Qe2 a6 10. Bg5 Nd5 11. h4 h6 12. Bd2 c5 13. dxc5 Bxc5 14. O-O-O
Qc7 15. g3 b5 16. Rhe1 Bb7 17. Kb1 Qb6 18. Rf1 b4 19. cxb4 Bxb4 20. Rc1 Rfc8
21. Ka1 a5 22. Rxc8+ Rxc8 23. Rc1 Rxc1+ 24. Bxc1 Bc5 25. Bd2 Bxf2 26. Bxa5 Qxa5
27. Qxf2 Nb4 28. Bb1 Nxa2 29. Bxa2 Qf5 30. Bb1 Qxf3 31. Qd4 Qd5 32. Qxd5 Bxd5
33. b4 g5 34. hxg5 hxg5 35. Kb2 f5 36. Kc3 f4 37. gxf4 gxf4 38. Kd4 f3 39. Bd3
Kf7 40. Ke5 Ke7 41. b5 Kd7 42. Bf1 Kc7 43. Bh3 Bc4 44. Kd4 Bxb5 1/2-1/2

[Event "12.PSF-A"]
[Site "Prague"]
[Date "2016.06.19"]
[Round "1.9"]
[White "Kunc, Jan"]
[Black "Ptacnikova, Lenka"]
[Result "0-1"]
[WhiteElo "1770"]
[BlackElo "2169"]
[PlyCount "112"]
[EventDate "2016.06.25"]
[EventType "swiss"]
[EventRounds "9"]
[EventCountry "CZE"]

1. e4 g6 2. d4 Bg7 3. Bc4 a6 4. Nc3 b5 5. Bb3 Bb7 6. a3 d6 7. f4 Nd7 8. Nf3 e6
9. O-O Ne7 10. Kh1 O-O 11. Be3 d5 12. exd5 exd5 13. Ne5 Nb6 14. Qf3 Rb8 15. Ne2
Nc4 16. Bxc4 dxc4 17. Qf2 Nf5 18. Ng3 Nh4 19. Rg1 f6 20. Nf3 Nxf3 21. gxf3 f5
22. c3 Qd5 23. Rgf1 Rfe8 24. Rae1 Bh6 25. Bd2 Rxe1 26. Qxe1 Rd8 27. Be3 Qd6 28.
Ne2 Re8 29. Bd2 Qe7 30. Ng1 Qxe1 31. Bxe1 Bxf4 32. Bg3 Bd6 33. Kg2 f4 34. Be1
Kf7 35. Bd2 Kf6 36. Kf2 Kf5 37. Nh3 g5 38. Rg1 h6 39. Rg4 c5 40. Ng1 h5 41. Rg2
cxd4 42. cxd4 Bc7 43. h3 Rg8 44. Ne2 g4 45. hxg4+ hxg4 46. fxg4+ Rxg4 47. Rxg4
Kxg4 48. Bb4 f3 49. Nc3 Bg3+ 50. Kf1 f2 51. d5 Kf3 52. Ne2 Bc8 53. Nd4+ Ke4 54.
Ne6 Kxd5 55. Ng5 Bf5 56. Kg2 Bd3 0-1

[Event "12.PSF-A"]
[Site "Prague"]
[Date "2016.06.19"]
[Round "1.10"]
[White "Doring, Robert"]
[Black "Martirosyan, Ara"]
[Result "1-0"]
[WhiteElo "2159"]
[BlackElo "1767"]
[PlyCount "113"]
[EventDate "2016.06.25"]
[EventType "swiss"]
[EventRounds "9"]
[EventCountry "CZE"]

1. e4 c5 2. c3 d5 3. exd5 Qxd5 4. d4 Nc6 5. Nf3 Bg4 6. Be2 cxd4 7. cxd4 e6 8.
Nc3 Bb4 9. h3 Bh5 10. O-O Qd8 11. d5 exd5 12. Nxd5 Nge7 13. Nxb4 Nxb4 14. Qa4+
Nbc6 15. Qb5 Bxf3 16. Bxf3 Qc7 17. Be3 O-O 18. Rac1 Rfd8 19. Rfe1 h6 20. g3 Kf8
21. Qh5 Kg8 22. Qb5 Kh8 23. b4 a6 24. Qc4 Kg8 25. a4 Qd7 26. Bb6 Re8 27. Rcd1
Qf5 28. Bg2 Rac8 29. Qb3 Rb8 30. Re3 Ng6 31. Rde1 Rxe3 32. Rxe3 Rc8 33. Rf3 Qd7
34. Rd3 Qf5 35. Kf1 Re8 36. Re3 Rc8 37. Be4 Qf6 38. Qc3 Qe6 39. Bxc6 Qxc6 40.
Qxc6 Rxc6 41. Re8+ Kh7 42. a5 Rd6 43. Kg2 Rd7 44. Bc5 f6 45. f4 Nh8 46. Kf3 Nf7
47. Re7 Rxe7 48. Bxe7 Kg6 49. Ke4 Nh8 50. Kd5 Kf7 51. Bc5 Ke8 52. Kd6 Nf7+ 53.
Kc7 Nd8 54. f5 h5 55. h4 Nf7 56. Kxb7 Kd7 57. Bf8 1-0

[Event "12.PSF-A"]
[Site "Prague"]
[Date "2016.06.19"]
[Round "1.11"]
[White "Mach, Petr"]
[Black "Pochinkov, Andrey"]
[Result "0-1"]
[WhiteElo "1699"]
[BlackElo "2125"]
[PlyCount "70"]
[EventDate "2016.06.25"]
[EventType "swiss"]
[EventRounds "9"]
[EventCountry "CZE"]

1. d4 Nf6 2. Bf4 d6 3. Nf3 g6 4. c4 Bg7 5. Nc3 O-O 6. e3 Nbd7 7. Be2 c6 8. O-O
Re8 9. h3 Qa5 10. Qc2 e5 11. Bg3 Nf8 12. dxe5 dxe5 13. e4 Nh5 14. Bh2 Ne6 15.
Rab1 Nef4 16. b4 Qd8 17. Rfd1 Qf6 18. b5 g5 19. bxc6 bxc6 20. Bf1 Nxh3+ 21.
gxh3 Qxf3 22. Rd3 Qf6 23. Rbd1 Bf8 24. Qe2 Nf4 25. Bxf4 gxf4 26. Qd2 Bc5 27.
Na4 Bd4 28. Nc3 Be6 29. Rxd4 exd4 30. Qxd4 Qxd4 31. Rxd4 Red8 32. Ne2 f3 33.
Rxd8+ Rxd8 34. Nf4 Rd1 35. Nxe6 fxe6 0-1

[Event "12.PSF-A"]
[Site "Prague"]
[Date "2016.06.19"]
[Round "1.12"]
[White "Vystrcil, Martin"]
[Black "Mach, st. Petr"]
[Result "1-0"]
[WhiteElo "2033"]
[BlackElo "1688"]
[PlyCount "41"]
[EventDate "2016.06.25"]
[EventType "swiss"]
[EventRounds "9"]
[EventCountry "CZE"]

1. e4 c5 2. Nf3 e6 3. d4 cxd4 4. Nxd4 a6 5. Nc3 Nc6 6. Be3 Nf6 7. g3 Bb4 8. Bg2
d5 9. Nxc6 bxc6 10. e5 Nd7 11. Qg4 Bxc3+ 12. bxc3 Qa5 13. O-O Nxe5 14. Qxg7 Ng6
15. Bh6 Bd7 16. h4 O-O-O 17. Rab1 f5 18. h5 Rhg8 19. Qf6 Rdf8 20. Bxf8 Nxf8 21.
Qf7 1-0

[Event "12.PSF-A"]
[Site "Prague"]
[Date "2016.06.19"]
[Round "1.14"]
[White "Benes, Petr"]
[Black "Veselsky, Jan"]
[Result "1-0"]
[WhiteElo "2015"]
[BlackElo "1662"]
[PlyCount "47"]
[EventDate "2016.06.25"]
[EventType "swiss"]
[EventRounds "9"]
[EventCountry "CZE"]

1. d4 Nf6 2. Nf3 g6 3. c4 Bg7 4. Nc3 d5 5. cxd5 Nxd5 6. Bd2 c5 7. Rc1 Nc6 8.
dxc5 O-O 9. e3 Re8 10. Nxd5 Qxd5 11. Bc4 Qd8 12. O-O e5 13. Bc3 Qe7 14. Qb3 Bg4
15. Nd2 Nd8 16. Ne4 Ne6 17. Bb4 Qh4 18. Bd5 Rab8 19. f3 Bf5 20. Nd6 Bd3 21. g3
Qg5 22. Qxd3 Red8 23. Qb3 Bh6 24. Rfe1 1-0

[Event "12.PSF-A"]
[Site "Prague"]
[Date "2016.06.19"]
[Round "1.15"]
[White "Kozlova, Lucie"]
[Black "Janacek, Jaroslav"]
[Result "0-1"]
[WhiteElo "1636"]
[BlackElo "2008"]
[PlyCount "120"]
[EventDate "2016.06.25"]
[EventType "swiss"]
[EventRounds "9"]
[EventCountry "CZE"]

1. c4 e5 2. e3 d6 3. d4 Be7 4. g3 c6 5. Bg2 Nd7 6. b3 Ngf6 7. Ne2 h5 8. Bb2 h4
9. h3 hxg3 10. fxg3 Qc7 11. Nd2 Nf8 12. Qc2 Ng6 13. O-O-O Bd7 14. Rdf1 O-O-O
15. Ne4 Nxe4 16. Qxe4 Bf6 17. h4 Rhe8 18. Qd3 Bg4 19. Nc3 d5 20. Bh3 Bxh3 21.
Rxh3 dxc4 22. Qxc4 exd4 23. exd4 Rxd4 24. Qc5 b6 25. Qf5+ Qd7 26. Qxd7+ Rxd7
27. Rhh1 Ne5 28. Kc2 Ng4 29. Re1 Rde7 30. Rxe7 Rxe7 31. Bc1 Ne3+ 32. Kd3 Bxc3
33. Bxe3 Be5 34. g4 Kd7 35. h5 Ke6 36. h6 gxh6 37. Rxh6+ Kd5 38. g5 b5 39. Rh7
Bd6 40. Bxa7 Rxa7 41. g6 Rxa2 42. Rxf7 Rg2 43. Rg7 Be5 44. Rg8 Rg3+ 45. Kc2 c5
46. Rd8+ Ke4 47. Rc8 Bd4 48. Re8+ Kf5 49. Rg8 Rxg6 50. Rxg6 Kxg6 51. Kd3 Kf5
52. b4 Ke5 53. bxc5 Bxc5 54. Kc3 Ke4 55. Kc2 Kd4 56. Kb3 Kd3 57. Kb2 Kc4 58.
Kc2 Bd4 59. Kb1 Kc3 60. Kc1 b4 0-1

[Event "12.PSF-A"]
[Site "Prague"]
[Date "2016.06.19"]
[Round "1.16"]
[White "Fiser, Jiri"]
[Black "Hejsek, Lukas"]
[Result "1/2-1/2"]
[WhiteElo "1981"]
[BlackElo "1633"]
[PlyCount "66"]
[EventDate "2016.06.25"]
[EventType "swiss"]
[EventRounds "9"]
[EventCountry "CZE"]

1. e4 c5 2. Nf3 g6 3. d4 cxd4 4. Nxd4 Nc6 5. Nc3 Bg7 6. Be3 Nf6 7. Be2 O-O 8.
O-O d5 9. exd5 Nxd5 10. Nxd5 Qxd5 11. Bf3 Qc4 12. Nxc6 bxc6 13. c3 Bf5 14. Qb3
Qa6 15. Qb4 Rfe8 16. Qc5 Rab8 17. b3 Rec8 18. Qxa7 Qxa7 19. Bxa7 Ra8 20. Be3
Bxc3 21. Rac1 Bg7 22. Rxc6 Rxc6 23. Bxc6 Rxa2 24. b4 Rb2 25. Bc5 Bc3 26. Bxe7
Bxb4 27. Bf6 Rb1 28. Rxb1 Bxb1 29. g4 Ba2 30. Kg2 Bf8 31. Kg3 Bg7 32. Bxg7 Kxg7
33. f4 Be6 1/2-1/2

[Event "12.PSF-A"]
[Site "Prague"]
[Date "2016.06.19"]
[Round "1.17"]
[White "Ruzicka, Filip"]
[Black "Ruzicka, Ondrej"]
[Result "0-1"]
[WhiteElo "1570"]
[BlackElo "1927"]
[PlyCount "50"]
[EventDate "2016.06.25"]
[EventType "swiss"]
[EventRounds "9"]
[EventCountry "CZE"]

1. e4 d6 2. d4 Nf6 3. Nc3 g6 4. Nf3 Bg7 5. Bc4 O-O 6. Bf4 c6 7. O-O b5 8. Bb3
b4 9. Nb1 Nxe4 10. Qe1 d5 11. Qxb4 c5 12. Qa3 cxd4 13. Rd1 Nc6 14. Qa4 Qd7 15.
Qb5 Rd8 16. c3 e5 17. Ba4 exf4 18. Qxc6 Qxc6 19. Bxc6 Rb8 20. Nxd4 Rxb2 21. f3
Rxb1 22. Rdxb1 Nxc3 23. Rd1 Bxd4+ 24. Rxd4 Ne2+ 25. Kf1 Nxd4 0-1

[Event "12.PSF-A"]
[Site "Prague"]
[Date "2016.06.19"]
[Round "1.18"]
[White "Hernandez, Yanez Javier"]
[Black "Fabian, Jan"]
[Result "1-0"]
[WhiteElo "1919"]
[BlackElo "1302"]
[PlyCount "44"]
[EventDate "2016.06.25"]
[EventType "swiss"]
[EventRounds "9"]
[EventCountry "CZE"]

1. d4 f5 2. h3 Nf6 3. g4 d5 4. g5 Ne4 5. Nf3 e6 6. Bf4 Bd6 7. Bxd6 cxd6 8. c3
Nxg5 9. Nxg5 Qxg5 10. Nd2 Bd7 11. Nf3 Qf6 12. e3 Nc6 13. Qb3 Rb8 14. h4 g6 15.
O-O-O a6 16. Be2 Nd8 17. Rdg1 b5 18. h5 Nf7 19. hxg6 hxg6 20. Qb4 Rxh1 21. Rxh1
g5 22. Rh7 Rb6 {Dale nevylusteno} 1-0

[Event "12.PSF-A"]
[Site "Prague"]
[Date "2016.06.20"]
[Round "2.1"]
[White "Kulhanek, Tomas"]
[Black "Doring, Robert"]
[Result "1-0"]
[WhiteElo "2367"]
[BlackElo "2159"]
[PlyCount "83"]
[EventDate "2016.06.25"]
[EventType "swiss"]
[EventRounds "9"]
[EventCountry "CZE"]
[WhiteClock "0:18:51"]
[BlackClock "0:17:50"]

1. e4 e5 2. Nc3 Nc6 3. Bc4 Bc5 4. Qg4 g6 5. Qg3 Nf6 6. d3 Nh5 7. Qf3 O-O 8.
Nge2 Nd4 9. Nxd4 exd4 10. Ne2 Qf6 11. Qxf6 Nxf6 12. a3 a5 13. Bg5 Kg7 14. f3
Re8 15. Bh4 c6 16. Kd2 b5 17. Ba2 Bb6 18. b4 d6 19. Bf2 c5 20. Bg3 Rd8 21. e5
Ne8 22. exd6 Nxd6 23. bxc5 Bxc5 24. Be5+ f6 25. Bxd4 Bxd4 26. Nxd4 Bd7 27. Rhe1
Re8 28. Rxe8 Rxe8 29. Re1 Rxe1 30. Kxe1 f5 31. f4 Kf6 32. Kd2 h6 33. g3 g5 34.
Bd5 Be8 35. Bc6 Ke7 36. Kc3 gxf4 37. gxf4 Bd7 38. Bxd7 Kxd7 39. Nb3 Nb7 40. Kd4
Kd6 41. c4 bxc4 42. Kxc4 1-0

[Event "12.PSF-A"]
[Site "Prague"]
[Date "2016.06.20"]
[Round "2.2"]
[White "Pochinkov, Andrey"]
[Black "Vichnar, David"]
[Result "0-1"]
[WhiteElo "2125"]
[BlackElo "2346"]
[PlyCount "76"]
[EventDate "2016.06.25"]
[EventType "swiss"]
[EventRounds "9"]
[EventCountry "CZE"]
[WhiteClock "0:15:47"]
[BlackClock "0:36:46"]

1. Nf3 d5 2. b3 Bg4 3. Ne5 Bf5 4. d4 Nf6 5. e3 Nbd7 6. Bb2 e6 7. Be2 h6 8. Nd2
Be7 9. O-O O-O 10. g4 Bh7 11. f4 Ne4 12. f5 Bg5 13. Rf3 exf5 14. gxf5 Nxe5 15.
dxe5 Bxe3+ 16. Rxe3 Qg5+ 17. Rg3 Nxg3 18. hxg3 Qxg3+ 19. Kh1 Qh3+ 20. Kg1 Qe3+
21. Kh1 Bxf5 22. Bf3 Rad8 23. Qg1 Qf4 24. Qg2 d4 25. Nc4 Rfe8 26. Bxb7 Re6 27.
Rf1 Qh4+ 28. Qh2 Qxh2+ 29. Kxh2 Bxc2 30. Kg3 Bd3 31. Rd1 Bxc4 32. bxc4 Rb6 33.
Bxd4 Rxb7 34. c5 c6 35. Kf3 Rbd7 36. Ke4 h5 37. e6 fxe6 38. Ke5 h4 0-1

[Event "12.PSF-A"]
[Site "Prague"]
[Date "2016.06.20"]
[Round "2.3"]
[White "Postupa, Pavel"]
[Black "Vystrcil, Martin"]
[Result "1-0"]
[WhiteElo "2241"]
[BlackElo "2346"]
[PlyCount "85"]
[EventDate "2016.06.25"]
[EventType "swiss"]
[EventRounds "9"]
[EventCountry "CZE"]
[WhiteClock "0:14:45"]
[BlackClock "0:00:47"]

1. e4 Nf6 2. e5 Nd5 3. d4 d6 4. Nf3 g6 5. Bc4 c6 6. O-O Bg7 7. h3 O-O 8. Re1 a6
9. Bb3 b5 10. Nbd2 dxe5 11. Nxe5 Bb7 12. Ndf3 Nd7 13. Qe2 Nxe5 14. Nxe5 e6 15.
c3 Qe7 16. Nd3 Rfe8 17. Bd2 Rac8 18. a4 Ra8 19. Nc5 Nb6 20. Qf3 Nd5 21. Qd3 Nb6
22. Bf4 Red8 23. Qg3 Nd5 24. Bg5 f6 25. Rxe6 Qf7 26. Bf4 Bf8 27. Rae1 Bxc5 28.
dxc5 Re8 29. Rxe8+ Rxe8 30. Rxe8+ Qxe8 31. Bh6 Qe5 32. Bf4 Qe8 33. Be3 Kg7 34.
Bd4 Qd8 35. h4 Qc7 36. Qf3 Qe7 37. h5 g5 38. Qf5 Kh6 39. Bxd5 cxd5 40. Bxf6
Qe1+ 41. Kh2 Qd2 42. Be5 bxa4 43. g4 1-0

[Event "12.PSF-A"]
[Site "Prague"]
[Date "2016.06.20"]
[Round "2.4"]
[White "Ruzicka, Ondrej"]
[Black "Gregor, Jiri"]
[Result "0-1"]
[WhiteElo "1927"]
[BlackElo "2234"]
[PlyCount "48"]
[EventDate "2016.06.25"]
[EventType "swiss"]
[EventRounds "9"]
[EventCountry "CZE"]
[WhiteClock "0:01:06"]
[BlackClock "0:49:22"]

1. e4 c6 2. d4 d5 3. exd5 cxd5 4. c4 Nf6 5. Nc3 g6 6. Nf3 Bg7 7. cxd5 O-O 8.
Bc4 Nbd7 9. O-O Nb6 10. Bb3 Nbxd5 11. Ne5 Be6 12. Qe2 a6 13. Nxd5 Nxd5 14. Qe4
Qa5 15. Rd1 Nf6 16. Qxb7 Bxb3 17. Qxb3 e6 18. Bd2 Qd8 19. Bb4 Re8 20. Nc6 Qd7
21. Qf3 Nd5 22. Ne5 Qb7 23. Ba3 Rac8 24. Nc4 Rxc4 0-1

[Event "12.PSF-A"]
[Site "Prague"]
[Date "2016.06.20"]
[Round "2.5"]
[White "Haba, Zdenek"]
[Black "Hernandez, Yanez Javier"]
[Result "1-0"]
[WhiteElo "2233"]
[BlackElo "1919"]
[PlyCount "65"]
[EventDate "2016.06.25"]
[EventType "swiss"]
[EventRounds "9"]
[EventCountry "CZE"]

1. d4 Nf6 2. c4 g6 3. Nc3 Bg7 4. e4 d6 5. Be2 O-O 6. Bg5 c5 7. d5 Na6 8. Qd2
Re8 9. Nf3 Nc7 10. O-O Bd7 11. h3 a6 12. a4 Rb8 13. a5 Bc8 14. e5 dxe5 15. Nxe5
Nd7 16. Nd3 Bf6 17. Be3 b5 18. axb6 Na8 19. Nxc5 Nxc5 20. Bxc5 Nxb6 21. Ne4 Be5
22. f4 Bg7 23. Bd4 Nd7 24. Bxg7 Kxg7 25. Qd4+ Kg8 26. c5 a5 27. Ra4 f5 28. Ng5
Nf6 29. Rd1 h6 30. Nf3 Qc7 31. Ne5 Kh7 32. Bf3 Rb5 33. d6 1-0

[Event "12.PSF-A"]
[Site "Prague"]
[Date "2016.06.20"]
[Round "2.6"]
[White "Ptacnikova, Lenka"]
[Black "Lhotsky, Zdenek"]
[Result "1-0"]
[WhiteElo "2169"]
[BlackElo "1684"]
[PlyCount "29"]
[EventDate "2016.06.25"]
[EventType "swiss"]
[EventRounds "9"]
[EventCountry "CZE"]

1. c4 e5 2. g3 f5 3. d4 exd4 4. Qxd4 Nc6 5. Qd1 Nf6 6. Bg2 Bc5 7. Nc3 Ne5 8. b3
O-O 9. Nh3 c6 10. Nf4 Re8 11. O-O Nfg4 12. Nd3 Bd4 13. Bb2 d6 14. Qd2 Qb6 15.
Na4 1-0

[Event "12.PSF-A"]
[Site "Prague"]
[Date "2016.06.20"]
[Round "2.7"]
[White "Vardan, Nagpal"]
[Black "Istona, Martin"]
[Result "1/2-1/2"]
[WhiteElo "1864"]
[BlackElo "2173"]
[PlyCount "55"]
[EventDate "2016.06.25"]
[EventType "swiss"]
[EventRounds "9"]
[EventCountry "CZE"]

1. d4 Nf6 2. c4 g6 3. Nc3 Bg7 4. e4 d6 5. f3 O-O 6. Nge2 e5 7. Be3 c6 8. d5
cxd5 9. cxd5 Nbd7 10. Qd2 a6 11. O-O-O b5 12. Kb1 Nb6 13. Qc2 Bd7 14. Qb3 Nc4
15. Bg5 Qb6 16. Nc1 Rab8 17. Bxc4 bxc4 18. Qxb6 Rxb6 19. Rd2 Rfb8 20. N1e2 Nh5
21. Rc1 Nf4 22. Nxf4 exf4 23. Bxf4 f5 24. Be3 Rb4 25. Bf4 R4b6 26. Be3 Rb4 27.
Bf4 R8b6 28. Be3 1/2-1/2

[Event "12.PSF-A"]
[Site "Prague"]
[Date "2015.06.28"]
[Round "2.8"]
[White "Kiss, Pal"]
[Black "Stojkovic, Andreja"]
[Result "1-0"]
[WhiteElo "2290"]
[BlackElo "1877"]
[PlyCount "57"]
[EventDate "2016.06.25"]
[EventType "swiss"]
[EventRounds "9"]
[EventCountry "CZE"]

1. d4 f5 2. g3 Nf6 3. Bg2 g6 4. c3 Bg7 5. Qb3 d5 6. Nh3 c6 7. Nd2 O-O 8. Nf3
Ne4 9. Nf4 e6 10. h4 b6 11. c4 Re8 12. O-O Ba6 13. cxd5 exd5 14. Qc2 Bb7 15.
Rd1 Nd7 16. Rb1 Qe7 17. b4 b5 18. Nd3 a5 19. a3 a4 20. Bf4 Rac8 21. Nfe5 Nxe5
22. Bxe5 Rf8 23. Bxg7 Kxg7 24. Ne5 g5 25. hxg5 Qxg5 26. e3 Nf6 27. Rbc1 Qh6 28.
Qe2 Rc7 29. Qf3 {Ne a ne, to se neda. I trochu citelnejsi bily jiz skrabe,
krome tech madarskych pismen a cerny, to neni citelne skoro od zacatku. Bily
vyhral v 60.tahu. Nerucim ani za ty zapsane tahy.} 1-0

[Event "12.PSF-A"]
[Site "Prague"]
[Date "2016.06.20"]
[Round "2.9"]
[White "Docekalova, Alexandra"]
[Black "Fiser, Jiri"]
[Result "0-1"]
[WhiteElo "1855"]
[BlackElo "1981"]
[PlyCount "90"]
[EventDate "2016.06.25"]
[EventType "swiss"]
[EventRounds "9"]
[EventCountry "CZE"]

1. e3 d5 2. d4 Nf6 3. f4 c5 4. Nf3 Bg4 5. Be2 Nc6 6. O-O e6 7. c3 Be7 8. Ne5
Bxe2 9. Qxe2 O-O 10. Nd2 Nd7 11. Rf3 f6 12. Nxd7 Qxd7 13. Rh3 g6 14. Nf3 Rf7
15. dxc5 Bxc5 16. b4 Bb6 17. Bb2 Qe7 18. Nd4 e5 19. Nxc6 bxc6 20. fxe5 fxe5 21.
Rf1 Raf8 22. Rhf3 e4 23. Rxf7 Rxf7 24. a3 Qf8 25. Rxf7 Qxf7 26. a4 a5 27. bxa5
Bxa5 28. Qa6 Qc7 29. Qa8+ Kf7 30. Qh8 Ke6 31. Qe8+ Kf5 32. g4+ Kxg4 33. Qe6+
Kf3 34. Qh3+ Ke2 35. Qf1+ Kd2 36. Qc1+ Kd3 37. Qb1+ Kc4 38. Qa2+ Kc5 39. Qb3
Kd6 40. c4 Ke6 41. Qd1 Bb6 42. Qg4+ Kf7 43. Qh3 h5 44. Qf1+ Ke8 45. Qh3 Qd7 0-1